| 000 | 01494nam0a2200373 4500 | ||
|---|---|---|---|
| 001 | RU\NLR\bibl\943086 | ||
| 005 | 20250614195242.0 | ||
| 010 |
_a5-699-13936-2 _95000 |
||
| 021 |
_aRU _b2006-12381 _9606 |
||
| 035 | _a(nilc)RSL-KNO-002855737 | ||
| 035 | _a(NLR Aleph) 000931240 | ||
| 090 |
_a161211 _c161211 |
||
| 100 | _a20060331d2006 |||y0rusy50 ca | ||
| 101 | 1 |
_arus _ceng |
|
| 102 | _aRU | ||
| 105 | _aa ||||||||| | ||
| 106 | _ar | ||
| 200 | 1 |
_aЧингисхан _e[жизнь, смерть и воскрешение] _fДжон Мэн _g[пер. с англ. В. Артемова] |
|
| 210 |
_aМосква _cЭксмо _d2006 |
||
| 215 |
_a414,[1] с., [16] л. цв. ил. _d22 |
||
| 225 | 1 | _aКолесо истории | |
| 600 | 0 |
_aЧингисхан _f1155 - 1227 _92093262 _3RU\NLR\auth\661266778 |
|
| 610 | 0 | _aИстория. Исторические науки -- История зарубежных стран -- Монголия -- Период феодализма (12 в. - 1921 г.) -- Монголия в 12 - 14 вв. -- Чингисхан (1155 - 1227) | |
| 686 |
_aТ3(5Мо)41-8Чингисхан,02 _2rubbk |
||
| 686 | _aТ3(5Мо)41-8 | ||
| 686 | _aЦ35(0)42-424дЧингисхан | ||
| 700 | 1 |
_aМэн _bД. _gДжон _4070 |
|
| 801 | 0 |
_aRU _bРКП _c20060331 _grcr |
|
| 801 | 1 |
_aRU _bРГБ _c20060331 |
|
| 801 | 2 |
_aRU _bNLR _c20060504 _grcr |
|
| 942 | _cBOOK | ||
| 980 | _aNB | ||